| 000 | 01241nam a22003617a 4500 | ||
|---|---|---|---|
| 003 | CHAP | ||
| 005 | 20220817044123.0 | ||
| 008 | 060905d2005 it rn 00110 spa d | ||
| 010 | _a92636 | ||
| 011 | _a93608 | ||
| 020 | _a9253042605 | ||
| 035 | _a104188 | ||
| 040 | _cCHAP | ||
| 082 | 0 | 4 |
_a641 _bF3Y v.70 |
| 110 | 2 | _aFAO | |
| 245 | 1 | 0 |
_aAplicación de la comunicación de riesgos a las normas alimentarias y a las cuestiones relacionadas con la inocuidad de los alimentos : _binforme de una consulta mixta de expertos FAO/OMS Roma, 2-6 de febrero de 1998 _c/por FAO |
| 260 |
_aRoma : _bFAO, _c2005. |
||
| 300 | _a41 p. : | ||
| 410 | 2 | 0 | _aFAO |
| 490 | 0 |
_aAlimentación y nutrición _v; 70 |
|
| 590 |
_aBATCH-UPD _b10 _c20130110 _lUCH01 _h0843 |
||
| 590 |
_aBATCH-UPD _b10 _c20130410 _lUCH01 _h0518 |
||
| 590 |
_aBATCH-UPD _b10 _c20130914 _lUCH01 _h0211 |
||
| 590 |
_aCONVERSION _b10 _c20130109 _lUCH01 _h1351 |
||
| 650 | 1 | 4 |
_aAlimentos _xNormas de calidad. _94256 |
| 650 | 1 | 4 |
_aInocuidad alimentaria. _958836 |
| 650 | 1 | 4 |
_aPolítica alimentaria. _990389 |
| 810 | 0 | _aFAO | |
| 830 | 0 | 0 |
_aAlimentacion y nutricion _v; 70 _94112 |
| 901 | _aBK | ||
| 942 | _cLIBRO | ||
| 949 |
_a641 F3Y v.70 _bBC _cFAO _d33724000994224 _eFAO1 _h108165 _i104188 _sb |
||
| 999 |
_c92636 _d92636 |
||